Historia de Elda / (Record no. 112116)

MARC details
000 -LEADER
campo de control de longitud fija 00670nam a2200193 4500
001 - NÚMERO DE CONTROL
campo de control 112116
003 - IDENTIFICADOR DE NÚMERO DE CONTROL
campo de control ES-MaACL
005 - FECHA Y HORA DE LA ÚLTIMA TRANSACCIÓN
campo de control 20250728030708.0
007 - CAMPO FIJO DE DESCRIPCIÓN FÍSICA--INFORMACIÓN GENERAL
campo de control de longitud fija t|
008 - DATOS DE LONGITUD FIJA--INFORMACIÓN GENERAL
campo de control de longitud fija 061121s1981 sp r ||||1| spa d
100 1# - ENTRADA PRINCIPAL--NOMBRE DE PERSONA
Nombre de persona Navarro Pastor, Alberto.
9 (RLIN) 85158
245 10 - MENCIÓN DEL TÍTULO
Título Historia de Elda /
Mención de responsabilidad, etc. Alberto Navarro Pastor.
260 ## - PUBLICACIÓN, DISTRIBUCIÓN, ETC.
Lugar de publicación, distribución, etc. Alicante :
Nombre del editor, distribuidor, etc. Confederación Española de Cajas de Ahorros,
Fecha de publicación, distribución, etc. 1981.
300 ## - DESCRIPCIÓN FÍSICA
Extensión 2 v. :
Otras características físicas il ;
Dimensiones 22 cm.
490 1# - MENCIÓN DE SERIE
Mención de serie Publicaciones de la Caja de Ahorros Provincial ;
Designación de volumen o secuencia 77
830 00 - PUNTO DE ACCESO ADICIONAL DE SERIE-TÍTULO UNIFORME
Título uniforme Publicaciones de la Caja de Ahorros Provincial de Alicante
Designación de volumen o secuencia 77
9 (RLIN) 186986
852 ## - LOCALIZACIÓN
Ubicación ES-MaACL
Número de control de estantería L-2009-10
Sublocalización o colección R.102894
Holdings
Estatus retirado Estado de pérdida Estado de daño No para préstamo Biblioteca de origen Biblioteca actual Ubicación en estantería Fecha de adquisición Fuente de adquisición Total de préstamos Signatura topográfica completa Código de barras Visto por última vez Precio de reemplazo Tipo de ítem Koha
        Biblioteca del Ateneo de Madrid Biblioteca del Ateneo de Madrid Depósito 2 17/01/2008     L-2009-10 1116948 23/02/2023 23/02/2023 Libro impreso